000 00474nam a2200193Ia 4500
003 LK-CoDNM
008 010623t1920 xxu||||| |||| 00| 1 eng d
040 _aLK-CoDNM
_dLK-CoDNM
_eLK-CoDNM
041 _aeng
080 _a49710.27425
100 _aFarquhar,J.N
245 _aThe Crown of Hinduism
260 _bOxford University Press
_aCalcutta
_c1920
300 _b469p., 20 cm
650 _aAryans
650 _aHindu Family
650 _aSocial Order
942 _cBK
999 _c90076
_d90076